00353nam a2200133Ia 4500008004100000041000800041082001800049100001900067245004500086250001400131260003700145300003000182365000700212240624s9999 xx 000 0 und d aeng a658.15224 RAJ aRAJ A BESANT C aCORPORATE FINANCIAL MANAGEMENT AN INTROD a(3rd ed.) c2003aNew DelhibTata McGrawhill axv, : 198 : p. : cm. ; 23 cRS